000 00765nam a2200265Ia 4500
003 OSt
005 20221002044736.0
006 a|||||r|||| 00| 0
007 ta
008 220930b |||||||| |||| 00| 0 eng d
020 _a8189211153 (hbk)
024 _a100429
037 _cReference Collections
040 _aCRL
_cCRL
_beng
041 _2eng
_aeng
082 _aP1511:4k, 111P7(RR)
100 _aDavids T.W.Rhys Ed.
245 0 _aPali English dictionary
260 _aNew Delhi
_bBhartiya Granth Niketan
_c2007
300 _axv,738p.
_ccm.
650 _aLINGUISTICS
700 _a Stede William Ed.
942 _hP1511:4k, 111P7(RR)
_cref
_2CC
999 _c911000
_d911000